Statistics for Ways to spell "noob"

Click here to take the quiz!

General Stats

  • This quiz has been taken 160 times
    (140 since last reset)
  • The average score is 4 of 16

Answer Stats

Ways to Spell "noob"% Correct
Noob
98%
Nub
74%
Newb
65%
n00b
42%
Nube
30%
noub
27%
Noobe
23%
neub
16%
Newbe
16%
noube
10%
n00be
9%
neube
7%
n3wd
2%
n3ub
1%
n3ube
1%
n3wbe
1%

Score Distribution

Percentile by Number Answered

Percent of People with Each Score

Your Score History

You have not taken this quiz since the last reset